El Tratado de Libre Comercio República Dominicana-Centroamérica-Estados Unidos, TLC, y el sector agropecuario: despejando dudas /

Guardat en:
Dades bibliogràfiques
Autor principal: Calderón B., Mauricio
Format: Text
Etiquetes: Afegir etiqueta
Sense etiquetes, Sigues el primer a etiquetar aquest registre!

MARC

LEADER 00000 a a2200000 04500
001 14162
003
040
100 |a Calderón B., Mauricio  
245 |a El Tratado de Libre Comercio República Dominicana-Centroamérica-Estados Unidos, TLC, y el sector agropecuario: despejando dudas /  |c Mauricio Calderón B. 
773 |g número 52 -53; páginas 141-191  
999 |c 39317  |d 39317